| 000 | 00846nam a22002655a 4500 | ||
|---|---|---|---|
| 001 | 15379402 | ||
| 005 | 20201128020748.0 | ||
| 008 | 080724s2008 nyu 000 0 eng | ||
| 010 | _a 2008933849 | ||
| 020 | _a9783540740889 (hardcover : alk. paper) | ||
| 040 |
_aDLC _cDLC |
||
| 082 |
_222 _a006.3 _bSWA |
||
| 245 | 0 | 0 |
_aSwarm intelligence : _bintroduction and applications / _c[edited by] Christian Blum, Daniel Merkle. |
| 260 |
_aNew York : _bSpringer, _c2008. |
||
| 263 | _a0809 | ||
| 300 |
_a281p.: _bill.; _c23 cm. |
||
| 440 |
_95402 _aNatural computing series |
||
| 490 | 0 | _aNatural computing series | |
| 504 | _aIncludes bibliographical references and index | ||
| 650 |
_91234 _aSystems engineering |
||
| 650 |
_95401 _aSwarm intelligence |
||
| 650 |
_95401 _aSwarm intelligence |
||
| 942 |
_2ddc _cBB |
||
| 999 |
_c11644 _d11644 |
||